La responsabilidad judicial y sus dimensiones (Registro nro. 479)

Detalles MARC
000 -LEADER
fixed length control field 01555 a2200217 4500
001 - CONTROL NUMBER
control field 10585
005 - DATE AND TIME OF LATEST TRANSACTION
control field 20260407155439.0
008 - FIXED-LENGTH DATA ELEMENTS--GENERAL INFORMATION
fixed length control field 260407a2006 arg spa d
003 - CONTROL NUMBER IDENTIFIER
control field AR-UNSa-BCEJYS
040 ## - CATALOGING SOURCE
Original cataloging agency AR-UNSa-BCEJYS
Language of cataloging spa
Transcribing agency AR-UNSa-BCEJYS
080 ## - UNIVERSAL DECIMAL CLASSIFICATION NUMBER
Universal Decimal Classification number 347.962
Common auxiliary subdivision Magistrados. Magistratura. Jueces
020 ## - INTERNATIONAL STANDARD BOOK NUMBER
International Standard Book Number 978-950-569-257-6
100 1# - MAIN ENTRY--PERSONAL NAME
Personal name Santiago, Alfonso (h)
245 10 - TITLE STATEMENT
Title La responsabilidad judicial y sus dimensiones
264 #1 - PRODUCTION, PUBLICATION, DISTRIBUTION, MANUFACTURE, AND COPYRIGHT NOTICE
Place of production, publication, distribution, manufacture Buenos Aires :
Name of producer, publisher, distributor, manufacturer Abaco de Rodolfo Depalma
Date of production, publication, distribution, manufacture, or copyright notice 2006
300 ## - PHYSICAL DESCRIPTION
Extent 2 v.
Dimensions 23 cm.
505 ## - FORMATTED CONTENTS NOTE
Formatted contents note Vol. 1 Contiene: 1. La responsabilidad política de los magistrados judiciales 2. Responsabilidad disciplinaria de los jueces - Vol. 2 Contiene: 3. Responsabilidad civil de los jueces 4. Los magistrados frente a la responsabilidad penal - 5. La responsabilidad del Estado por su actividad judicial - 6. La responsabilidad internacional del Estado derivada del ejercicio de la función judicial - 7. La responsabilidad ética de los magistrados judiciales - 8. Sobre la responsabilidad científica del juez - 9. Algunos aportes del análisis económico del derecho respecto a la responsabiblidad judicial - 10. La responsabilidad gerencial de los magistrados judiciales - 11. La responsabilidad por el gobierno del poder judicial - 12. Responsabilidad judicial de cara al servicio de justicia y su reforma
590 ## - LOCAL NOTE (RLIN)
Local note niveau_biblio:m niveau_hierar:0
856 41 - ELECTRONIC LOCATION AND ACCESS
Uniform Resource Identifier <a href="https://biblioeco.unsa.edu.ar/pmb/images/libros/La responsabilidad judicial y sus dimensiones-l118834">https://biblioeco.unsa.edu.ar/pmb/images/libros/La responsabilidad judicial y sus dimensiones-l118834</a>
Link text Imagen de portada
Electronic format type image/jpeg
942 ## - ADDED ENTRY ELEMENTS (KOHA)
Koha item type
Existencias
Withdrawn status Lost status Damaged status Not for loan Home library Current library Shelving location Date acquired Total checkouts Full call number Barcode Date last seen Price effective from Koha item type
        Biblioteca Prof. Eusebio Cleto del Rey Biblioteca Prof. Eusebio Cleto del Rey   07/04/2026   347.962 S235 v.1 L118834 07/04/2026 07/04/2026 Libro
        Biblioteca Prof. Eusebio Cleto del Rey Biblioteca Prof. Eusebio Cleto del Rey   07/04/2026   347.962 S235 v.2 L118836 07/04/2026 07/04/2026 Libro
        Biblioteca Prof. Eusebio Cleto del Rey Biblioteca Prof. Eusebio Cleto del Rey   07/04/2026   347.962 S235 v.1 L118835 07/04/2026 07/04/2026 Libro
        Biblioteca Prof. Eusebio Cleto del Rey Biblioteca Prof. Eusebio Cleto del Rey   07/04/2026   347.962 S235 v.2 L118837 07/04/2026 07/04/2026 Libro